00490nam a2200193 a 4500001001300000003000900013005001700022008004100039020001000080082001400090100002200104245002600126260004200152300000800194500003500202505001400237650002300251700002200274nice12345678IN_TiNIC20260116011445.0050524s0000 phia grp 000 0 eng  ac10000a230bFOR2 aFroman, Charles W aFaith for the Nations aPhiladelphiabWestminster Pressc0000 a91p aincludes index and biblioraphy2 aReference aChristian-Theology1 aFroman, Charles W